000 00399nam a2200145Ia 4500
008 230917s9999||||xx |||||||||||||| ||und||
040 _e136897
_aMAIN
041 _aEnglish
082 _a647.94068 M312M
100 _aAggarwal, Sheela
245 0 _aManaging coastal tourism resorts: A global perspective
260 _aClevedon
_bChannel View Publications
_c2007
300 _a326 p.
942 _cBK
999 _c152847
_d152847